000 00589nam a22002297a 4500
003 UA-OsUOA
001 78870
007 ta
008 20111024b un ||||| |||| 00| 0 ukr d
090 _a323(477)(092)
_bХ97
942 _cBK
040 _aUA-OsUOA
_bukr
_cUA-OsUOA
_dUA-OsUOA
245 _aХто є хто в Україні
_cМарченко Ю., Телемко О.
300 _a576 с.
955 _a2
041 _aukr
080 _a323(477)(092)
020 _a966-7048-71-3
260 _aК.
_b"К. І. С."
_c2000
650 7 _a32 Політика
_2UDC
999 _c365188
_d365188